000 00788nam a2200253Ia 4500
003 OSt
005 20220925235729.0
006 a|||||r|||| 00| 0
007 ta
008 220923b |||||||| |||| 00| 0 eng d
020 _a9789350289778
_c250.75
037 _b2813, 11/03/2015, VIBHA BOOKS INTERNATIONAL
_cGeneral Book
040 _aRTL
_cRTL
_beng
041 _2eng
_aeng
082 _aZ2,2,4.M82, P5
100 _aSARATHI Vepa P
_9301675
245 0 _aLaw of transfer of property
250 _a5th
260 _a New Delhi
_bEastern Book Company
_c2005
300 _a339p
_ccm.
490 _aWiley and SAS Business Series
942 _hZ2,2,4.M82, P5
_cGB
_2CC
999 _c597822
_d597822